| 000 | 00000nam##2200000za#4500 |
| 001 | 9.613453 |
| 003 | CaOODSP |
| 005 | 20200813121858 |
| 007 | ta |
| 008 | 150406|1997||||xxc||||| f|0| 0 eng|d |
| 020 | |a0-17-605633-5 |
| 040 | |aCaOODSP|beng |
| 043 | |an-cn--- |
| 086 | 1 |aCS96-321/1E |
| 245 | 00|aGrowing old in Canada : |bdemographic and geographic perspectives / |cby Eric G. Moore et al. |
| 260 | |aScarborough - Ontario : |bStatistics Canada |c1997. |
| 300 | |axiii, 207p. : |bgraphs, maps, references, tables ; |c24 cm. |
| 490 | 1 |a1991 Census monograph series|v1 |
| 500 | |aContents: Introduction.--Population aging in Canada.--Individual aging.--The regional dimension of aging.--The health of an aging population.--The next 20 years.--Conclusions.--References.--Index. |
| 563 | |aSoftcover |
| 590 | |a96-49|b1996-12-06 |
| 710 | 2 |aStatistics Canada. |
| 720 | 1 |aMoore, Eric G. |
| 776 | 0#|tGrowing old in Canada : |w(CaOODSP)9.575600 |
| 830 | #0|a1991 Census monograph series ;|v1|w(CaOODSP)9.514479 |
| 986 | |a1991 Census Analytic Program |